Crítica literaria y teoría cultural en América Latina: para una antología del siglo XX
Gardado en:
| Autor Principal: | |
|---|---|
| Outros autores: | |
| Formato: | Libro |
| Idioma: | Lingua castelá |
| Publicado: |
Valparaíso, Chile:
Ediciones Universitarias de Valparaíso,
2018
|
| Edición: | Segunda edición Revisada y aumentada |
| Series: | Colección Dársena / Panoramas
|
| Subjects: | |
| Tags: |
Engadir etiqueta
Sen Etiquetas, Sexa o primeiro en etiquetar este rexistro!
|
MARC
| LEADER | 00000cam a2200000 a 4500 | ||
|---|---|---|---|
| 001 | UCC6889 | ||
| 003 | CL-VaPUC | ||
| 005 | 20250304170408.0 | ||
| 008 | 190118e20180000cl |||||||||||||||||spa|d | ||
| 999 | |c 373729 |d 373727 | ||
| 020 | |a 9789561707924 | ||
| 040 | |c Pontificia Universidad Católica de Valparaíso | ||
| 082 | 0 | 4 | |a 809 PAR 2018 |2 21 |
| 100 | |a Parra Triana, Clara María |e compiladora |9 581297 | ||
| 245 | 1 | 0 | |a Crítica literaria y teoría cultural en América Latina: para una antología del siglo XX |
| 250 | |a Segunda edición Revisada y aumentada | ||
| 260 | |a Valparaíso, Chile: |b Ediciones Universitarias de Valparaíso, |c 2018 | ||
| 300 | |a 807 páginas | ||
| 490 | 0 | |a Colección Dársena / Panoramas | |
| 500 | |a C.4-C.7. Donación Profesor Raúl Rodríguez. Director Doctorado Literatura. Memo 03/2022. 30.03.2022 | ||
| 583 | |a last modification |c 20190125 12:25:36 |k Rodrigo Vera | ||
| 650 | 0 | |a Literatura latinoamericana |9 309997 |x Crítica e interpretación | |
| 650 | 0 | |a Antologías |9 309836 | |
| 700 | |a Rodríguez Freire, Raúl |e compilador |9 601426 | ||
| 942 | |c BK |2 ddc | ||
| 945 | |d 20190118 13:18:00 |a dcastane | ||
| 952 | |0 0 |1 0 |3 erb |4 0 |6 809_000000000000000_PAR_2018 |7 0 |8 X |9 491948 |a FDOBUD |b FDOBUD |i 552993K |o 809 PAR 2018 |p 552993K |r 2019-11-24 |w 2019-11-24 |y BK_X |z Catalogado en:20190118 |k FHP | ||
| 952 | |0 0 |1 0 |3 erb |4 0 |6 809_000000000000000_PAR_2018 |7 0 |8 R |9 491949 |a BIBEDU |b BIBEDU |c MCIRC |i 553254K |o 809 PAR 2018 |p 553254K |r 2023-01-13 |w 2019-11-24 |y BK_R |z Catalogado en:20190125 |k LIT | ||
| 952 | |0 0 |1 0 |3 erb |4 0 |6 809_000000000000000_PAR_2018 |7 0 |8 R |9 491950 |a BIBEDU |b BIBEDU |c MCIRC |i 5532558 |o 809 PAR 2018 |p 5532558 |r 2023-01-13 |w 2019-11-24 |y BK_R |z Catalogado en:20190125 |k LIT | ||
| 952 | |0 0 |1 0 |2 ddc |4 0 |6 809_000000000000000_PAR_2018 |7 0 |8 A |9 582993 |a FDOPOS |b FDOPOS |c GEN |d 2022-05-10 |e Donación |i 5651150 |o 809 PAR 2018 |p 5651150 |r 2025-01-22 |t 4 |w 2022-05-10 |y BK |k DLH | ||
| 952 | |0 0 |1 0 |2 ddc |4 0 |6 809_000000000000000_PAR_2018 |7 0 |8 A |9 582994 |a FDOPOS |b FDOPOS |c GEN |d 2022-05-10 |e Donación |i 5651151 |o 809 PAR 2018 |p 5651151 |r 2025-01-22 |t 5 |w 2022-05-10 |y BK |k DLH | ||
| 952 | |0 0 |1 0 |2 ddc |4 0 |6 809_000000000000000_PAR_2018 |7 0 |8 A |9 582995 |a FDOPOS |b FDOPOS |c GEN |d 2022-05-10 |e Donación |i 5651152 |o 809 PAR 2018 |p 5651152 |r 2025-01-22 |t 6 |w 2022-05-10 |y BK |k DLH | ||
| 952 | |0 0 |1 0 |2 ddc |4 0 |6 809_000000000000000_PAR_2018 |7 0 |8 A |9 582996 |a FDOPOS |b FDOPOS |c GEN |d 2022-05-10 |e Donación |i 5651153 |o 809 PAR 2018 |p 5651153 |r 2025-01-22 |t 7 |w 2022-05-10 |y BK |k DLH | ||
| 952 | |0 0 |1 0 |2 ddc |4 0 |6 809_000000000000000_PAR_2018 |7 0 |8 A |9 596790 |a BIBGIM |b BIBGIM |d 2024-09-16 |i 5662744 |o 809 PAR 2018 |p 5662744 |r 2025-01-15 |t 8 |w 2024-09-16 |y BK |k ELE | ||
| 952 | |0 0 |1 0 |2 ddc |4 0 |6 809_000000000000000_PAR_2018 |7 0 |8 A |9 596801 |a BIBGIM |b BIBGIM |d 2024-09-16 |i 5662745 |o 809 PAR 2018 |p 5662745 |r 2025-01-15 |t 9 |w 2024-09-16 |y BK |k ELE | ||